Detalles MARC
| 000 -CABECERA |
| Longitud fija campo de control |
01893nam a2200445 c 4500 |
| 003 - • IDENTIFICADOR DELl NÚMERO DE CONTROL |
| Identificador del número de control |
CO-BoRNBP |
| 005 - • FECHA Y HORA DE LA ÚLTIMA TRANSACCIÓN |
| Fecha y hora de la última transacción |
20251107215302.0 |
| 007 - • CAMPO FIJO DE DESCRIPCIÓN FÍSICA |
| Campo fijo de descripción física |
ta |
| 008 - • CÓDIGOS DE INFORMACIÓN DE LONGITUD FIJA |
| Códigos de información de longitud fija |
210915s2016 sp ao jrf 000 0dspa d |
| 020 ## - • NÚMERO INTERNACIONAL NORMALIZADO PARA LIBROS |
| Número Internacional Normalizado para Libros (ISBN) |
9788434221338 |
| 040 ## - FUENTE DE LA CATALOGACIÓN |
| Centro catalogador de origen |
CO-BoRNBP |
| Lengua de catalogación |
spa |
| Normas de descripción |
rda |
| Centro transcriptor |
CO-BoRNBP |
| 041 0# - • CÓDIGO DE LENGUA |
| Código de lengua del texto/banda sonora o título independiente |
spa |
| 082 04 - • NÚMERO DE LA CLASIFICACIÓN DECIMAL DEWEY |
| Número de clasificación (R) |
674.8 |
| Número del ítem |
G31t |
| Número de edición |
22 |
| 100 ## - • PUNTO DE ACCESO PRINCIPAL-NOMBRE DE PERSONA |
| Nombre de persona |
Gilbert, Vicenc |
| Término indicativo de función |
aut |
| -- |
drt |
| 245 10 - • TITULO PROPIAMENTE DICHO |
| Título |
Trabajos en madera / |
| Mención de responsabilidad, etc. |
textos y coordinación Vicenc Gilbert, Frederic A. Martín, Rodrigo Lazcano ; ilustraciones Antoni Vidal, Jordi Segú. |
| 246 34 - • VARIANTES DE TÍTULO |
| Título propio / Título en breve |
La técnica y el arte de la fabricación de objetos en madera explicados con rigor y claridad |
| 250 ## - • MENCIÓN DE EDICIÓN |
| Mención de edición |
Quinta edición |
| 264 #1 - PRODUCCIÓN, PUBLICACIÓN , DISTRIBUCIÓN, FABRICACIÓN Y COPYRIGHT |
| Lugar de producción, publicación, distribución, fabricación |
Badalona, España : |
| Nombre del productor, editor, distribuidor, fabricante |
Parramón, |
| Fecha de de producción, publicación, distribución, fabricación o copyright |
2016 |
| 300 ## - • DESCRIPCIÓN FÍSICA |
| Extensión |
159 páginas : |
| Otras características físicas |
ilustraciones, fotografías a color |
| 336 ## - TIPO DE CONTENIDO |
| Término de tipo de contenido |
texto |
| Código de tipo de contenido |
txt |
| Fuente |
rdacontent |
| 337 ## - TIPO DE MEDIO |
| Nombre del tipo de medio |
sin mediación |
| Código del tipo de medio |
n |
| Fuente |
rdamedia |
| 338 ## - TIPO DE SOPORTE |
| Nombre del tipo de soporte |
volumen |
| Código del tipo de soporte |
nc |
| Fuente |
rdacarrier |
| 490 0# - • MENCIÓN DE SERIE |
| Mención de serie |
Artes y Oficios |
| 500 ## - • NOTA GENERAL |
| Nota general |
Incluye datos biográficos de los autores en la solapa |
| 500 ## - • NOTA GENERAL |
| Nota general |
Incluye glosario al final del texto |
| 504 ## - • NOTA DE BIBLIOGRAFÍA, ETC |
| Nota de bibliografía, etc. |
Incluye referencias bibliográficas |
| 505 0# - • NOTA DE CONTENIDO CON FORMATO |
| Título (R ) |
La base. El material |
| -- |
Complementos |
| -- |
Herrajes |
| -- |
Adhesivos |
| -- |
Acabados |
| -- |
La preparación. Suministro y manipulación de la materia prima |
| -- |
Las herramientas |
| -- |
La maquinaria |
| -- |
Las uniones |
| -- |
Paso a paso |
| 521 1# - • NOTA DE PÚBLICO DESTINATARIO |
| Nota público destinatario (R ) |
Recomendado para un público mayor de 12 años |
| 650 07 - • PUNTO DE ACCESO ADICIONAL DE MATERIA - TÉRMINO DE MATERIA |
| Término de materia o nombre geográfico como elemento inicial |
Artesanías |
| Fuente del encabezamiento o término |
LEMB |
| 650 07 - • PUNTO DE ACCESO ADICIONAL DE MATERIA - TÉRMINO DE MATERIA |
| Término de materia o nombre geográfico como elemento inicial |
Decoración de interiores |
| Fuente del encabezamiento o término |
lemb |
| 650 07 - • PUNTO DE ACCESO ADICIONAL DE MATERIA - TÉRMINO DE MATERIA |
| Término de materia o nombre geográfico como elemento inicial |
Manuales de hágalo usted mismo |
| Fuente del encabezamiento o término |
lemb |
| 650 07 - • PUNTO DE ACCESO ADICIONAL DE MATERIA - TÉRMINO DE MATERIA |
| Término de materia o nombre geográfico como elemento inicial |
Trabajos en madera |
| Subdivisión de materia general |
Estrategia y técnica |
| Subdivisión de forma |
Manuales, vademécum, etc |
| Fuente del encabezamiento o término |
lemb |
| 650 07 - • PUNTO DE ACCESO ADICIONAL DE MATERIA - TÉRMINO DE MATERIA |
| Término de materia o nombre geográfico como elemento inicial |
Trabajos manuales (educacion) |
| Fuente del encabezamiento o término |
lemb |
| 700 ## - • PUNTO DE ACCESO ADICIONAL - NOMBRE DE PERSONA |
| Nombre de persona |
Lazcano, Rodrigo |
| Término indicativo de función |
tdc |
| 700 ## - • PUNTO DE ACCESO ADICIONAL - NOMBRE DE PERSONA |
| Nombre de persona |
Segú, Jordi, |
| Término indicativo de función |
ill |
| 700 ## - • PUNTO DE ACCESO ADICIONAL - NOMBRE DE PERSONA |
| Nombre de persona |
Vidal, Antoni |
| Término indicativo de función |
ill |
| 700 1# - • PUNTO DE ACCESO ADICIONAL - NOMBRE DE PERSONA |
| Nombre de persona |
Martín, Frederic A. |
| Término indicativo de función |
tdc |
| 942 ## - ENTRADA DE ELEMENTOS AGREGADOS (KOHA) |
| Fuente de clasificaión o esquema |
Dewey Decimal Classification |
| Koha [por defecto] tipo de item |
LIbro |